Von Marx zur Sowjetideologie /

Shranjeno v:
Bibliografske podrobnosti
Glavni avtor: Fetscher, Iring (autor)
Format: Knjiga
Jezik:German
Izdano: Frankfurt, Alemania : Moritz Diesterweg, 1963, c1963
Oznake: Označite
Brez oznak, prvi označite!

MARC

LEADER 00000nam^a2200000^a^4500
001 000567037
005 20250521000000.0
009 20260310132119.957
037 |a Acervo ITESO - Biblioteca 
041 |a ALE 
091 |a FGM. 03098 
100 |a Fetscher, Iring  |e (autor) 
245 1 0 |a Von Marx zur Sowjetideologie / 
264 4 |a Frankfurt, Alemania :  |b Moritz Diesterweg,  |c 1963, c1963 
300 |a 224 p. 
336 |a texto  |b txt  |2 rdacontenido 
337 |a sin mediación  |b n  |2 rdamedio 
338 |a volumen  |b nc  |2 rdasoporte 
649 |a XX 
910 |a Fondo Efraín González Morfín 
920 |a Impresos - Libros 
930 |a Fondos Especiales 
905 |a 130 
901 |a 0500384599  |b IT2  |c ESL  |i D89620  |u 20250521 
902 |a https://opac.biblio.iteso.mx/vufind/Record/000567037